| Tag |
First Indicator |
Second Indicator |
Subfields |
| LEADER |
00000cam a2200000 4500 |
| 001 |
in00000098862 |
| 005 |
20150926125532.0 |
| 008 |
800402s1953 at ab b 10010 eng d |
| 010 |
|
|
|a 57015876
|
| 035 |
|
|
|a (OCoLC)06161494
|
| 035 |
|
|
|9 AAL3539AM
|
| 040 |
|
|
|a TXA
|c TXA
|d UtOrBLW
|
| 049 |
|
|
|a TXAM
|c [529217]
|
| 090 |
|
|
|a TN811.A8
|b A46 1953
|
| 110 |
2 |
|
|a Australasian Institute of Mining and Metallurgy, Melbourne.
|
| 245 |
1 |
0 |
|a Coal in Australia /
|c A symposium arr. by a committee of the Australasian Institute of Mining and Metallurgy (inc.) and edited by a committee of the Sydney Branch. Editor-in-chief of publications: M. R. McKeown.
|
| 264 |
|
1 |
|a Melbourne :
|b Published at the office of the Congress,
|c 1953.
|
| 300 |
|
|
|a x, 832, 8 pages :
|b illustrations, maps (part folded) diagrams, profiles, tables.
|
| 336 |
|
|
|a text
|b txt
|2 rdacontent
|
| 337 |
|
|
|a unmediated
|b n
|2 rdamedia
|
| 338 |
|
|
|a volume
|b nc
|2 rdacarrier
|
| 490 |
1 |
|
|a Fifth Empire Mining and Metallurgical Congress, Australia and New Zealand, 1953. Publications, v. 6
|
| 500 |
|
|
|a Corrigenda slips inserted.
|
| 504 |
|
|
|a Includes bibliographies.
|
| 650 |
|
0 |
|a Coal
|z Australia.
|
| 650 |
|
0 |
|a Coal mines and mining
|z Australia.
|
| 700 |
1 |
|
|a McKeown, Maurice Robert,
|d 1884-
|
| 811 |
2 |
|
|a Empire Mining and Metallurgical Congress
|n (5th :
|d 1953 :
|c Australia and New Zealand).
|t Publications,
|v v. 6.
|
| 999 |
|
|
|a MARS
|
| 999 |
f |
f |
|s 69e46320-684a-342d-afa4-50686b94be26
|i 6f2be88d-f62f-3604-b829-60eb0d6611ba
|t 0
|
| 952 |
f |
f |
|p ric
|a Texas A&M University
|b Rellis Campus
|c Joint Library Facility
|d Remote Storage
|t 0
|e TN811.A8 A46 1953
|h Library of Congress classification
|i unmediated -- volume
|m A14805584682
|
| 998 |
f |
f |
|a TN811.A8 A46 1953
|t 0
|l Remote Storage
|